Llei 18/2008, del 23 de desembre, de garantia i qualitat del subministrament elèctric
MARC
| LEADER | 00000nam a2200000Ia 4500 | ||
|---|---|---|---|
| 001 | 21745 | ||
| 008 | 160829s2009 xx 000 0 cat d | ||
| 080 | |a D-4-38 | ||
| 100 | |a Catalunya. Llei de Garantia i Qualitat del Subministrament Elèctric (2008) |9 45911 | ||
| 245 | |a Llei 18/2008, del 23 de desembre, de garantia i qualitat del subministrament elèctric | ||
| 250 | |a Ed. no venal | ||
| 260 | |a Barcelona : |b Parlament de Catalunya, |c 2009 | ||
| 300 | |a 67 p. ; |c 17 cm | ||
| 490 | |a Textos legislatius ; 84 | ||
| 590 | |a Títol a la coberta: Llei de garantia i qualitat del subministrament elèctric. | ||
| 590 | |a A la portada: Aprovada pel Ple del Parlament (tramitació núm. 200-00030/08) en la sessió núm. 47, del 16 de desembre de 2008 (Diari de Sessions del Parlament de Catalunya, sèrie P, núm. 68/VIII); Publicada en el Butlletí Oficial del Parlament de Catalunya, núm. 381/VIII, del 29 de desembre de 2008; Promulgada el 23 de desembre de 2008 (Diari Oficial de la Generalitat de Catalunya, núm. 5288, del 31 de desembre de 2008). | ||
| 650 | |a Energia elèctrica |x Dret i legislació |x Catalunya |x 2008 |9 45912 | ||
| 710 | 1 | |a Catalunya. |b Parlament |9 11492 | |
| 901 | |a Arxiu | ||
| 942 | |n 1 | ||
| 952 | |0 1 |1 0 |2 udc |4 0 |5 2 |6 D438 |7 1 |9 52867 |a Arxiu |b Arxiu |d 2016-12-01 |l 0 |o D-4-38 |p 21745 |r 2016-12-01 00:00:00 |w 2016-12-01 |y ARXIU | ||
| 999 | |c 56716 |d 56716 | ||